Reconocimiento, igualdad y diferencia en la concepción arendtiana de ciudadanía (Registro nro. 445295)
[ vista simple ]
| 001 - NÚMERO DE CONTROL | |
|---|---|
| campo de control | 1079014 |
| 005 - FECHA Y HORA DE LA ÚLTIMA TRANSACCIÓN | |
| campo de control | 20240414085617.0 |
| 008 - DATOS DE LONGITUD FIJA--INFORMACIÓN GENERAL | |
| campo de control de longitud fija | 080430e20071201 spa |
| 035 ## - NÚMERO DE CONTROL DEL SISTEMA | |
| Número de control de sistema | 1079014 |
| 035 ## - NÚMERO DE CONTROL DEL SISTEMA | |
| Número de control de sistema | (OCoLC)820405500 |
| 040 ## - FUENTE DE LA CATALOGACIÓN | |
| Centro/agencia transcriptor | comduadb |
| 041 ## - CÓDIGO DE LENGUA | |
| Código de lengua del texto/banda sonora o título independiente | spa |
| 100 10 - ENTRADA PRINCIPAL--NOMBRE DE PERSONA | |
| Nombre de persona | Kohn Wacher, Carlos |
| Código de función | aut |
| Número de control del registro de autoridad o número normalizado | (isni)0000 0000 3201 6972 |
| -- | (viaf)70634630 |
| Término indicativo de función/relación | Autor/a |
| 9 (RLIN) | 786895 |
| 245 10 - MENCIÓN DE TÍTULO | |
| Título | Reconocimiento, igualdad y diferencia en la concepción arendtiana de ciudadanía |
| 260 ## - PUBLICACIÓN, DISTRIBUCIÓN, ETC. | |
| Fecha de publicación, distribución, etc. | 01-DIC-2007. |
| 520 3# - SUMARIO, ETC. | |
| Sumario, etc. | Este artículo expone los argumentos mediante los cuales Hannah Arendt recuperó, prácticamente sin transformaciones, la concepción griega clásica de la ciudadanía, poniendo énfasis en el valor de la igualdad como clave de solución para los debates filosóficos y políticos de la actualidad. En este tenor, se revisan conceptos clave en esta autora, como los de poder, libertad e igualdad. |
| 600 #4 - PUNTO DE ACCESO ADICIONAL DE MATERIA--NOMBRE DE PERSONA | |
| Nombre de persona | Arendt, Hannah, |
| Fechas asociadas al nombre | 1906-1975 |
| Subdivisión general | Pensamiento filosófico |
| 9 (RLIN) | 858808 |
| 600 14 - PUNTO DE ACCESO ADICIONAL DE MATERIA--NOMBRE DE PERSONA | |
| Nombre de persona | Arendt, Hannah, |
| Fechas asociadas al nombre | 1906-1975 |
| Subdivisión general | Crítica e interpretación |
| 9 (RLIN) | 856796 |
| 600 14 - PUNTO DE ACCESO ADICIONAL DE MATERIA--NOMBRE DE PERSONA | |
| Nombre de persona | Arendt, Hannah, |
| Fechas asociadas al nombre | 1906-1975 |
| Subdivisión general | Pensamiento político |
| 9 (RLIN) | 860997 |
| 650 ## - PUNTO DE ACCESO ADICIONAL DE MATERIA--TÉRMINO DE MATERIA | |
| Término de materia o nombre geográfico como elemento de entrada | Ciudades y ciudadanía |
| 9 (RLIN) | 100532 |
| 650 #7 - PUNTO DE ACCESO ADICIONAL DE MATERIA--TÉRMINO DE MATERIA | |
| Término de materia o nombre geográfico como elemento de entrada | Desigualdad social |
| Fuente del encabezamiento o término | lemb |
| 9 (RLIN) | 15901 |
| 650 ## - PUNTO DE ACCESO ADICIONAL DE MATERIA--TÉRMINO DE MATERIA | |
| Término de materia o nombre geográfico como elemento de entrada | Igualdad social |
| 9 (RLIN) | 46284 |
| 650 #7 - PUNTO DE ACCESO ADICIONAL DE MATERIA--TÉRMINO DE MATERIA | |
| Término de materia o nombre geográfico como elemento de entrada | Poder político |
| Fuente del encabezamiento o término | lemb |
| 9 (RLIN) | 961 |
| 650 #7 - PUNTO DE ACCESO ADICIONAL DE MATERIA--TÉRMINO DE MATERIA | |
| Término de materia o nombre geográfico como elemento de entrada | Libertad (Ciencia política) |
| Fuente del encabezamiento o término | lemb |
| 9 (RLIN) | 73149 |
| 773 0# - ENLACE AL DOCUMENTO FUENTE/ENTRADA DE REGISTRO ANFITRIÓN | |
| Título | Revista Internacional de Filosofía Política (México) |
| Parte(s) relacionada(s) | No. 30, Dic. 2007, p. 23-34 |
| Número de control del registro | 130337 |
| Número Internacional Normalizado para Publicaciones Seriadas | 1132-9432 |
| Número bibliográfico anfitrión | 66084 |
| 942 ## - ELEMENTOS DE ENTRADA AGREGADA (KOHA) | |
| Tipo de ítem Koha | Artículo de Revista |
No hay ítems disponibles.